00527nam a2200169 a 450000100100000000500170001000800410002702000150006804000250008310000230010824500280013125000110015926000450017030000200021595201050023599900170034000002769520200930031026.0110404s1985 ag 000 0 spa d a9505247087 aDO-SdBNPbspacBNPHU1 aLind, frank95477610aEl tarot /cFrank Lind. a3a ed. aBuenos Aires :bEdicoines Lidiun,c1985. a85 p. ;c19 cm. 001050718MOaGRbGRcCTd2013-03-04iLF1l0o p27695-30r2020-06-25w2020-06-25y1ZNo se presta c27187d27187